000 00608cam a2200193 4500
008 040922t20032003mdu 000 0 eng u
020 _a0739105043
035 _aa440034
050 0 0 _aQH541.15 .R45
_bG76 2003
100 1 _aGross, Matthias
245 1 0 _aInventing nature :
_becological restoration by public experiments /
_cMatthias Gross.
260 _aLanham, Maryland :
_bLexington books,
_c2003
300 _a219 p. ;
_c23 cm.
504 _aBibliografía : p. 195-210
506 _aFomes 2003
650 1 0 _aRestauración (Ecología)
_xAspectos sociales
650 2 0 _aEcología
942 _2lcc
_cLIB
999 _c80367
_d80367